| 000 | 02337nam a22003257a 4500 | ||
|---|---|---|---|
| 001 | 323 | ||
| 003 | OSt | ||
| 005 | 20250528074018.0 | ||
| 008 | 250327b |||||||e |||| 00| f eng d | ||
| 040 | _bpor | ||
| 041 |
_heng _apor |
||
| 082 |
_a823 _bH268j |
||
| 100 | 1 |
_aHardy, Thomas, _d1840-1928 _9652 |
|
| 240 | _a Jude the Obscure | ||
| 245 |
_aJudas, o Obscuro / _cHardy, Thomas ; Tradução de Octavio de Faria |
||
| 260 |
_aSão Paulo _bAbril _c1971 |
||
| 300 | _a459 p. | ||
| 490 | 1 | _aOs Imortais da Literatura Universal | |
| 520 | _aJudas, o Obscuro narra o drama de Judas Fawley, cujas ambições estão amarradas pela condição social. Depois de um casamento tumultuoso, Judas ruma a Christminster com o intuito de mudar a sua vida e apaixona-se pela delicada e intelectual Sue Bridehead que em nada se parece com a sua primeira mulher Arabella. Ambos protagonizam uma história de amor repleta de tragédia no panorama histórico-social de uma Inglaterra do século XVIII. Judas, o herói deste romance, é uma das mais perfeitas encarnações do homem sensível e delicado, bom e puro, que toda uma estrutura social e religiosa desumana e o egoísmo individual não hesitam em esmagar, sem sequer desconfiar da desgraça que estão ocasionando. Judas procura ser ele mesmo; e a sociedade, ela mesma. É uma obra de um determinismo melodramático chocante. Os fatos se sucedem dentro de uma realidade ambivalente. Judas, ante as incompreensões, abre seu coração de homem. E os que o rodeiam volvem então a face, porque é a eles próprios que suas feridas mais ferem. Jude, o Obscuro, o último romance de Hardy, é considerado o trabalho mais corajoso e inovador do escritor. Originalmente publicado em fascículos mensais, cada novo capítulo trazia uma onda de choque aos leitores vitorianos. Como em outras obras do autor, é possível perceber o quanto a sociedade é cruel com aqueles que desafiam suas tradições. | ||
| 650 | 0 |
_aLiteratura Inglesa _989 |
|
| 650 | 0 |
_aAmor e Paixão _925 |
|
| 650 | 0 |
_aConflito Social: _9653 |
|
| 650 | 0 |
_aCritica religiosa _9583 |
|
| 650 | 0 |
_aInjustiça Social _9654 |
|
| 655 | 0 |
_aRomance _923 |
|
| 655 | 0 |
_aFicção _922 |
|
| 700 | 1 |
_aFaria, Octávio de, _d1908-1980. _eTRADUTOR _9655 |
|
| 830 |
_aOs Imortais da Literatura Universal _9461 _vvol. 27 |
||
| 942 |
_2ddc _n0 _cBK |
||
| 999 |
_c323 _d323 |
||